Online Catalogue and eLibrary

Venas vana gahanu sith : (Record no. 1161)

MARC details
000 -LEADER
fixed length control field 00397nam a2200157Ia 4500
005 - DATE AND TIME OF LATEST TRANSACTION
control field 20250529022050.0
008 - FIXED-LENGTH DATA ELEMENTS--GENERAL INFORMATION
fixed length control field 240331s9999 xx 000 0 und d
082 ## - DDC Classification
Class No. 302.234
Item Number - Author Mark WIJ
100 ## - MAIN ENTRY--PERSONAL NAME
Personal name Wijayasooriya, W
245 #0 - TITLE STATEMENT
Title Venas vana gahanu sith :
Remainder of title Pabavathi Kavsilumina
260 ## - PUBLICATION, DISTRIBUTION, ETC.
Place of publication, distribution, etc. colombo
Name of publisher, distributor, etc. W. p. Jinadasa
Date of publication, distribution, etc. 1968
300 ## - PHYSICAL DESCRIPTION
Extent (e.g. Volumes, Pages etc.) 195 p .,
650 ## - SUBJECT ADDED ENTRY--TOPICAL TERM
Topical term or geographic name entry element women
650 ## - SUBJECT ADDED ENTRY--TOPICAL TERM
Topical term or geographic name entry element gender
942 ## - Koha item type (Biblio)
Koha item type Books in Stacks (Lending)
Holdings
Lost status Damaged status Collection code Home library Current library Shelving location Date acquired Full call number Accession Number Item type
    Lending WERC Library WERC Library Social Science Cupboard 03/31/2024 302.234 WIJ 3881 Books in Stacks (Lending)

© WERC Library